Levočská NsP bude prechodne príspevkovou organizáciou mesta

Bibliographic Details
Main Author: Sviteková, Angela (Author)
Format: Article
Language:Slovak
PhysicalDescription:Fotogr.
Subjects:

MARC

LEADER 00000nab a2200000 ar4500
001 vtls008621605
003 SK-MaSNL
005 20260303071926.0
008 060209c2005 xo mr|p|||||||000 b|slo
038 |a SNSK 
040 |b slo  |c SNSK  |e AACR2 
041 0 |a slo 
044 |a xo  |c SK 
080 |a 362.111  |2 UDC-MRF-SK2 
080 |a 061.2  |2 UDC-MRF-SK2 
080 |a 334.012.46  |2 UDC-MRF-SK2 
100 1 |a Sviteková, Angela  |4 aut  |9 841455 
245 1 0 |a Levočská NsP bude prechodne príspevkovou organizáciou mesta  |c Angela sviteková 
300 |b Fotogr. 
610 2 7 |a Nemocnica s poliklinikou (Levoča, Slovensko)  |2 snsk  |9 33844 
650 0 7 |a príspevkové organizácie  |2 snsk  |9 67653 
651 7 |a Levoča (Slovensko)  |2 snsk  |9 26696 
773 0 |t Spišské hlasy  |g Roč. VI., č. 1 (10.1.2005), s. 8. 
852 |a SNSK  |b KIS3GCP 
999 |c 1762011  |d 1763941